| 000 | 00467nam a22001697a 4500 | ||
|---|---|---|---|
| 003 | BD-DhUL | ||
| 005 | 20190716153540.0 | ||
| 008 | 190716s1960 pk ||||| |||| 00| 0 urd d | ||
| 040 |
_aBD-DhUL _cBD-DhUL |
||
| 082 |
_a891.431 _bMUG |
||
| 100 | 0 | _aمصفےا زیدی | |
| 245 | 1 | 0 |
_aگریبان / _cمصفےا زیدی |
| 260 |
_aلاهور : _bمکتبۂ ادبلڈید، _c۔ |
||
| 300 |
_aص۔ ۹۵ ؛ _c۲۱ سم۔ |
||
| 650 | 4 | _aUrdu poetry | |
| 942 |
_2ddc _cBK |
||
| 999 |
_c248827 _d248827 |
||